Ảnh hưởng của dòng vốn quốc tế tỷ giá hối đoái đến lạm phát của Việt Nam : Luận văn thạc sĩ kinh tế chuyên ngành kinh tế tài chính - ngân hàng
Phân tích mối quan hệ của các yếu tố tiền tệ và lạm phát; phân tích tác động của dòng vốn quốc tế và tỷ giá hối đoái đến lạm phát của Việt Nam
Guardado en:
| Autor principal: | |
|---|---|
| Formato: | Libro |
| Lenguaje: | Undetermined |
| Publicado: |
Cần Thơ
Trường Đại học Cần Thơ
2012
|
| Materias: | |
| Etiquetas: |
Agregar Etiqueta
Sin Etiquetas, Sea el primero en etiquetar este registro!
|
| Thư viện lưu trữ: | Trung tâm Học liệu Trường Đại học Cần Thơ |
|---|
| LEADER | 01067nam a2200217Ia 4500 | ||
|---|---|---|---|
| 001 | CTU_175342 | ||
| 008 | 210402s9999 xx 000 0 und d | ||
| 082 | |a 332.7 | ||
| 082 | |b L312 | ||
| 088 | |a 62340201 | ||
| 100 | |a Nguyễn, Thùy Linh | ||
| 245 | 0 | |a Ảnh hưởng của dòng vốn quốc tế tỷ giá hối đoái đến lạm phát của Việt Nam : | |
| 245 | 0 | |b Luận văn thạc sĩ kinh tế chuyên ngành kinh tế tài chính - ngân hàng | |
| 245 | 0 | |c Nguyễn Thùy Linh ; Sử Đình Thành (Hướng dẫn khoa học) | |
| 260 | |a Cần Thơ | ||
| 260 | |b Trường Đại học Cần Thơ | ||
| 260 | |c 2012 | ||
| 520 | |a Phân tích mối quan hệ của các yếu tố tiền tệ và lạm phát; phân tích tác động của dòng vốn quốc tế và tỷ giá hối đoái đến lạm phát của Việt Nam | ||
| 650 | |a Credit,Tín dụng | ||
| 904 | |i mai,Hải | ||
| 980 | |a Trung tâm Học liệu Trường Đại học Cần Thơ | ||